000 00496nad a22001811nc4500
001 a987667918+Band6
003 RU-10907106
005 20221125124729.0
008 181217s2017 gw |||| 000u ger d
020 _a9783835319967
_9978-3-8353-1996-7
035 _aa987667918
040 _cRU-10907106
_aRU-10907106
_bger
245 0 0 _aTagebücher
_nBand 6
_p1817-1922
264 1 _aGöttingen :
_bWallstein Verlag,
_c2017
300 _a806 Seiten
773 0 8 _wa987667918
_qBand6
942 _cMG
_2z
999 _c52456
_d52456